000 01323nam a22002897a 4500
005 20180202101403.0
010 _aHIN-89382 B-524444-447 G-002703
020 _a8189687069
_c250.00
035 _aHN-61728
035 _aG-002703
035 _aB-524444-447
037 _bDBAD/VEN
037 _bजनवाणी प्रकाशन
082 _a
100 _aआशापूर्णा देवी
245 _aपुनर्मिलन:
_cआशापूर्णा देवी ;ममता खरे द्वारा अनुदित
_bफिर मिल गए /
246 _aPunarmilan: phir mil gay/
_bed. by Aashapurna Devi Mamata Khare
260 _aदिल्ली
_bशब्द सागर
_c2012
270 _a430,प्रथम तल, महाराम मौहल्ला शाहदरा
_bदिल्ली
_e110032
300 _a166पृ
_c22सेमी (सजिल्द)
520 _aHN2013-14
650 _aहिन्दी कथा साहित्य
650 _aHindi Fiction
700 _aखरे, ममता
_918567
942 _2ddc
_cHN
_mआशापू
_h
999 _c36215
_d36215